Stavby a voda v právních předpisech

Na minha lista:
Detalhes bibliográficos
Autor principal: Krecht, Jaroslav
Formato: Livro
Idioma:tcheco
Publicado em: Praha Československé středisko výstavby a architektury 1989
Edição:1. vyd.
Tags: Adicionar Tag
Sem tags, seja o primeiro a adicionar uma tag!

MARC

LEADER 00000nam a2200000 4500
001 c033724
005 20221215120756.6
041 0 |a cze 
044 |a CZ 
245 1 0 |a Stavby a voda v právních předpisech  |c Jaroslav Krecht 
250 |a 1. vyd. 
264 1 |a Praha  |b Československé středisko výstavby a architektury  |c 1989 
300 |a 143 s. 
100 1 |a Krecht, Jaroslav